000 00645nam a22002177a 4500
999 _c9697
_d9697
003 AR-CdUCM
008 190328b ||||| |||| 00| 0 spa d
040 _aMUNICIPALIDAD PROVINCIAL DEL CUSCO
_cBIBLIOTECA MUNICIPAL DEL CUSCO
082 _a860 /
_bES89P / 1884
100 _aDe Espronceda, Jose
_926071
245 _aObras Poéticas y escritos en prosa /
260 _aMadrid :
_bTipografia Gutenberg,
_c1884.
300 _a572 paginas ;
_c20 cm.
500 _aPoesias canciones
650 _aPoesias
_95433
650 _aCanciones
_914568
650 _ahistoricos
_926072
650 _aPoemas
_9929
942 _2ddc
_cLIBROS
945 _apjha